000 00691cab a2200217 4500
001 X3206
008 090401t1996 xxu||||| |||| 00| 0 eng d
035 _a(Sirsi) u29184
041 _aeng
245 _aSurveyors in China pass APC
260 _c1996
350 _a0
490 _aCSM (Chartered Surveyor Monthly)
_v5(4) January 1996, 10(1)
520 _aStates how the RICS sees six QS APC candidates passing their final assessments as the start of a new era for the Institution in China.
650 _aAPC
_96216
650 _aCHINA
690 _aOVERSEAS-REST OF THE WORLD
690 _aMANAGEMENT-BUSINESS MANAGEMENT-PROFESSIONAL PRACTICE
942 _n0
948 _c04/03/1997
999 _c19648
_d19648